Central Library OPAC University of Rajshahi

Modern basic mathematics / (Record no. 7146)

MARC details
000 -LEADER
fixed length control field 00674cam a22002411 4500
001 - CONTROL NUMBER
control field 7146
003 - CONTROL NUMBER IDENTIFIER
rucl marc code BD-RjUL
005 - DATE AND TIME OF LATEST TRANSACTION
control field 20211208234354.0
008 - FIXED-LENGTH DATA ELEMENTS--GENERAL INFORMATION
fixed length control field 14 t19651964enka 001 0 eng
035 ## - SYSTEM CONTROL NUMBER
System control number (BD-RjUL)7188
040 ## - CATALOGING SOURCE
Original cataloging agency DLC/ICU
Transcribing agency ICU
Modifying agency DLC
-- BD-RjUL
Language of cataloging eng
041 ## - LANGUAGE CODE
Language code of text/sound track or separate title eng
082 04 - DEWEY DECIMAL CLASSIFICATION NUMBER
Edition number 16
Classification number 510
Author mark and year CAM 1965
100 1# - MAIN ENTRY--PERSONAL NAME
Personal name Carter, Hobart Clinton,
Dates associated with a name 1907-
9 (RLIN) 22357
245 10 - TITLE STATEMENT
Title Modern basic mathematics /
Statement of responsibility, etc. Hobart C. Carter.
260 ## - PUBLICATION, DISTRIBUTION, ETC. (IMPRINT)
Place of publication, distribution, etc. New York :
Name of publisher, distributor, etc. Appleton-Century-Crofts,
Date of publication, distribution, etc. 1965.
300 ## - PHYSICAL DESCRIPTION
Pagination xi, 466 p. :
Illustrations diagrs. ;
Size 24 cm.
504 ## - BIBLIOGRAPHY, ETC. NOTE
Bibliography, etc Includes index.
650 #0 - SUBJECT ADDED ENTRY--TOPICAL TERM
Topical term or geographic name as entry element Mathematics.
9 (RLIN) 22358
942 ## - ADDED ENTRY ELEMENTS (KOHA)
Source of classification or shelving scheme Dewey Decimal Classification
Koha item type Books
Holdings
Lost status Source of classification or shelving scheme Damaged status Not for loan Collection code Permanent Location Current Location Shelving location Date acquired Source of acquisition Cost, normal purchase price Total Checkouts Full call number Date last seen Copy number Koha item type
  Dewey Decimal Classification     Non-fiction Central Library, University of Rajshahi Central Library, University of Rajshahi   04/07/1970 Book view 40.00   510 CAM 1965 13/01/2014 C-2 Books